[Rezension von: Hans Jakob Meier, Die Kunst der Interpretation. Rubens und die Druckgraphik]
Saved in:
| Published in: | Regards croisés 11(2021), Seite 171-173 |
|---|---|
| Main Author: | |
| Document Type: | Online Resource Article |
| Language: | French |
| Published: |
2021
|
| Subjects: | |
| Online Access: | kostenfrei kostenfrei |
| Related Items: | Enthalten in:
Regards croisés Rezension von: Die Kunst der Interpretation |
| Author Notes: | Blanche Llaurens |
| LEADER | 01885caa a2200397 c 4500 | ||
|---|---|---|---|
| 001 | 1878494368 | ||
| 003 | DE-627 | ||
| 005 | 20260511171605.0 | ||
| 007 | cr uuu---uuuuu | ||
| 008 | 240119s2021 xx |||||oo 00| ||fre c | ||
| 024 | 7 | |a 10.57732/rc.2021.1.95450 |2 doi | |
| 035 | |a (DE-627)1878494368 | ||
| 035 | |a (DE-599)KXP1878494368 | ||
| 035 | |a (OCoLC)1425062627 | ||
| 040 | |a DE-627 |b ger |c DE-627 |e rda | ||
| 041 | |a fre | ||
| 084 | |a KUNST |q DE-16 |2 fid | ||
| 100 | 1 | |a Llaurens, Blanche |e VerfasserIn |4 aut | |
| 245 | 1 | 0 | |a [Rezension von: Hans Jakob Meier, Die Kunst der Interpretation. Rubens und die Druckgraphik] |c Blanche Llaurens |
| 264 | 1 | |c 2021 | |
| 300 | |b Illustrationen | ||
| 336 | |a Text |b txt |2 rdacontent | ||
| 337 | |a Computermedien |b c |2 rdamedia | ||
| 338 | |a Online-Ressource |b cr |2 rdacarrier | ||
| 655 | 7 | |a Rezension |0 (DE-588)4049712-4 |0 (DE-627)106186019 |0 (DE-576)209083166 |2 gnd-content | |
| 773 | 0 | 8 | |i Enthalten in |t Regards croisés |d Paris : Institut National d’Histoire de l’Art, 2013 |g 11(2021), Seite 171-173 |h Online-Ressource |w (DE-627)832785571 |w (DE-600)2830060-9 |w (DE-576)442942508 |x 2509-4750 |7 nnas |
| 773 | 1 | 8 | |g volume:11 |g year:2021 |g pages:171-173 |
| 787 | 0 | 8 | |i Rezension von |a Meier, Hans Jakob |t Die Kunst der Interpretation |d Berlin : Deutscher Kunstverlag, 2020 |h 423 Seiten |w (DE-627)1667410385 |z 9783422980648 |z 3422980644 |
| 856 | 4 | 0 | |u https://doi.org/10.57732/rc.2021.1.95450 |x Verlag |x Resolving-System |z kostenfrei |3 Volltext |7 0 |
| 856 | 4 | 0 | |u https://journals.ub.uni-heidelberg.de/index.php/rc/article/view/95450 |x Verlag |z kostenfrei |3 Volltext |7 0 |
| 912 | |a ZDB-282-AAE-article | ||
| 951 | |a AR | ||
| 994 | |u https://ahnp.ub.uni-heidelberg.de/journals/rc/article/view/95450 | ||
| 994 | |u https://ahnp.ub.uni-heidelberg.de/journals/rc/article/view/95450 | ||
| 991 | |a Rezension (Monographie, Zeitschrift, Aufsatz) | ||
| 999 | |a KXP-PPN1878494368 |e 4967412130 | ||


